|
|
|
|
| LEADER |
00835cam a2200229 7i4500 |
| 001 |
0000005856 |
| 005 |
20020330090000.0 |
| 020 |
0 |
0 |
|a 9251030170
|
| 035 |
0 |
0 |
|a 0138-57360
|
| 090 |
0 |
0 |
|a SH 1
|b F2 no.317
|
| 100 |
1 |
0 |
|a Redding
|
| 245 |
1 |
0 |
|a Fish production in irrigation canals :
|b a review
|c by Theresa A. Redding and Alex B. Midlen..
|
| 260 |
0 |
0 |
|a Rome, Italy:
|b Food and Agriculture Organization of the United Nations,
|c 1991..
|
| 300 |
# |
# |
|a 111p.:
|b ill.;
|c 30cm..
|
| 490 |
1 |
0 |
|a FAO fisheries technical paper;
|v no.317.
|
| 650 |
0 |
0 |
|a Irrigation canals and flumes.
|
| 650 |
0 |
0 |
|a Canals.
|
| 650 |
0 |
0 |
|a Aquaculture.
|
| 650 |
0 |
0 |
|a Fish-culture.
|
| 700 |
1 |
1 |
|a Midlen,
|h Alex B.
|
| 830 |
0 |
0 |
|a Fisheries technical paper (Food and Agriculture Organization of the United Nations) no.317.
|
| 999 |
|
|
|a 1000394372
|b Book
|c Open Shelf
|e KOLEKSI TERBUKA
|